Otázky teórie riadenia školstva vo vzťahu k projektovanému automatizovanému informačnému systému 3

Bibliographic Details
Main Author: Hirner, Alexander, 1911-1987 (Author)
Format: Book
Language:Slovak
PhysicalDescription:283 s. Tab. 20 cm
Published: Bratislava SPK a ÚŠI 1981
Edition:1. vyd.
Subjects:

MARC

LEADER 00000nam a2200000 a 4500
001 vtls001099675
003 SK-MaSNL
005 20260301191723.0
008 250414s1981 xo 0 000 slo
015 |a SNBA1982/11 
035 |a SNK000042517 
040 |a SNK  |b slo  |c SNK  |e AACR2 
041 |a slo 
044 |a xo  |c SK 
080 |a 301(081)  |2 2001 
080 |a 37.015.4(081)  |2 2001 
100 1 |a Hirner, Alexander,  |d 1911-1987  |4 aut  |9 117335 
245 1 0 |a Otázky teórie riadenia školstva vo vzťahu k projektovanému automatizovanému informačnému systému 3  |c Alexander Hirner ; úvod Peter Ondrejkovič, Pavol Husák 
250 |a 1. vyd. 
260 |a Bratislava  |b SPK a ÚŠI  |c 1981  |e Bratislava  |f SPK a ÚŠI 
300 |a 283 s.  |b Tab.  |c 20 cm 
366 |e 300 výtl. 
500 |a Lit. 232. Opr. Zb. prác Alexandra Hirnera venovaný aut. 70. narodeninám. Rozmn. 232 zázn. lit. o knihách, čl. a zb. v jaz. slov., čes., rus., angl., nem. a franc. 
650 0 7 |a sociológia  |2 SNKPH  |9 1010 
650 0 7 |a sociálna psychológia  |2 SNKPH  |9 1007 
655 7 |a štúdie  |2 SNKPH  |9 57033 
852 |a Slovenská národná knižnica 
954 |a sociológia  |a psychológia sociálna  |a pedagogika 
958 |a NB 
958 |a RM 
958 |a OND 
999 |c 871985  |d 873915 
952 |t P60, <04>, [BOOK], {604}  |a SNK  |b SNK  |y VYP  |7 0  |p 17A0255731  |o snkSD 51083/3 D1  |i snkKSP 9635/82  |0 0  |1 0  |4 0  |d 2000-11-02  |l 0  |r 2004-12-31 00:00:00  |w 2026-02-24